000 01792nam a22004457a 4500
003 CHAP
005 20220329143554.0
008 100611s2010 mx r 00010 spa d
010 _a98690
011 _a99662
035 _a110348
040 _cCHAP
090 _aTesis
100 1 _aChávez Mireles, Luis Edgardo.
_922734
245 1 0 _aDosis contra concentración en el control de cenicilla del rosal Sphaerotheca pannosa (Wallr. ex Fr.) Lév. var. rosae Wor. en el municipio de Villa Guerrero, Estado de México
_c/por Luis Edgardo Chávez Mireles
260 _aChapingo, Méx. :
_bEl autor,
_c2010
300 _a98 h. :
_bcuadros, gráfs.,
502 _aTesis (Ing. Agr. Esp. en Parasitología Agrícola) -- UACH. Departamento de Parasitología Agrícola
530 _aTambién disponible en línea
590 _aALEPH
_b10
_c20130110
_lUCH01
_h1534
590 _aBATCH-UPD
_b10
_c20130110
_lUCH01
_h1737
590 _aBATCH-UPD
_b10
_c20130410
_lUCH01
_h1117
590 _aBATCH-UPD
_b10
_c20130914
_lUCH01
_h0908
590 _aBATCH-UPD
_b10
_c20140324
_lUCH01
_h1518
590 _aBATCH-UPD
_b10
_c20141002
_lUCH01
_h0843
590 _aBATCH
_b00
_c20181121
_lUCH01
_h0759
590 _aCONVERSION
_b10
_c20130109
_lUCH01
_h1354
650 1 4 _aCenicilla.
_920964
650 1 4 _aFungicidas.
_944044
650 1 4 _aHongos fitopatógenos.
_956132
650 1 4 _aRosas
_xEnfermedades por hongos.
_999968
650 1 4 _aRosas
_xMéxico (Edo.)
_999980
650 1 4 _aSphaerotheca pannosa.
_9109209
856 _3Finding aid
_uhttp://10.13.5.2/tesis/110348.pdf
_zTeclea aqui
856 _a1
_n0001572
901 _aBK
942 _cFOLL
949 _aTesis
_bBC
_cTES
_d33724002171587
_eTS2
_fc.2
_gDonaciØn
_h50843
_i110348
_sb
949 _aTesis
_bBC
_cTES
_d33724002171629
_eTS1
_gDonaciØn
_h50842
_i110348
_sb
999 _c98690
_d98690